Borrowing Agreement with the Swedish Riksbank.

This paper reviews the Fund's income position for FY 2010 and FY 2011. The paper updates projections provided at the FY 2010 midyear review and sets out related proposed decisions for the current and next financial years. The paper is structured as follows: Section II reviews the FY 2010 income...

詳細記述

書誌詳細
団体著者: International Monetary Fund
フォーマット: 雑誌
言語:English
出版事項: Washington, D.C. : International Monetary Fund, 2010.
シリーズ:Policy Papers; Policy Paper ; No. 2010/027
主題:
オンライン・アクセス:Full text available on IMF
LEADER 01738cas a2200253 a 4500
001 AALejournalIMF020029
008 230101c9999 xx r poo 0 0eng d
020 |c 5.00 USD 
020 |z 9781498337656 
022 |a 2663-3493 
040 |a BD-DhAAL  |c BD-DhAAL 
110 2 |a International Monetary Fund. 
245 1 0 |a Borrowing Agreement with the Swedish Riksbank. 
264 1 |a Washington, D.C. :  |b International Monetary Fund,  |c 2010. 
300 |a 1 online resource (7 pages) 
490 1 |a Policy Papers 
500 |a <strong>Off-Campus Access:</strong> No User ID or Password Required 
500 |a <strong>On-Campus Access:</strong> No User ID or Password Required 
506 |a Electronic access restricted to authorized BRAC University faculty, staff and students 
520 3 |a This paper reviews the Fund's income position for FY 2010 and FY 2011. The paper updates projections provided at the FY 2010 midyear review and sets out related proposed decisions for the current and next financial years. The paper is structured as follows: Section II reviews the FY 2010 income position and the main changes from the midyear projections; Section III makes proposals on the disposition of FY 2010 net income, which includes the General Resources Account (GRA) net operational income and profits from the limited gold sales; Section IV discusses the FY 2011 income outlook, the margin on the rate of charge, and projected burden sharing adjustments; and Section V reviews special charges. 
538 |a Mode of access: Internet 
651 7 |a Sweden  |2 imf 
830 0 |a Policy Papers; Policy Paper ;  |v No. 2010/027 
856 4 0 |z Full text available on IMF  |u http://elibrary.imf.org/view/journals/007/2010/027/007.2010.issue-027-en.xml  |z IMF e-Library